Town and Country Planning in the UK (Record no. 4089)
[ view plain ]
| 000 -LEADER | |
|---|---|
| fixed length control field | 00336nam a22001217a 4500 |
| 008 - FIXED-LENGTH DATA ELEMENTS--GENERAL INFORMATION | |
| fixed length control field | 160323b xxu||||| |||| 00| 0 eng d |
| 020 ## - INTERNATIONAL STANDARD BOOK NUMBER | |
| International Standard Book Number | 0415358108 |
| 082 ## - | |
| Classification number | 307.121609 41 CUL |
| 100 ## - MAIN ENTRY--PERSONAL NAME | |
| Personal name | CULLINGWORTH Barry & NADIN Vincet |
| 245 ## - TITLE STATEMENT | |
| Title | Town and Country Planning in the UK |
| 250 ## - EDITION STATEMENT | |
| Edition statement | 14th ed. |
| 260 ## - PUBLICATION, DISTRIBUTION, ETC. (IMPRINT) | |
| Place of publication, distribution, etc. | London: |
| Name of publisher, distributor, etc. | Routledge, |
| Date of publication, distribution, etc. | 2006 |
| Withdrawn status | Lost status | Source of classification or shelving scheme | Damaged status | Koha normalized classification for sorting | Not for loan | Home library | Current library | Shelving location | Date acquired | Total Checkouts | Full call number | Barcode | Date last seen | Copy number | Price effective from | Koha item type |
|---|---|---|---|---|---|---|---|---|---|---|---|---|---|---|---|---|
| 307_121609000000000_41_CUL | Dodoma | Furaha | Reference | 23/03/2016 | 307.121609 41 CUL | 000000011096 | 24/07/2019 | 1 | 23/03/2016 | BOOKS RESERVE |